000
00245nam a2200097Ia 4500
008
240625s9999 xx 000 0 und d
041
_a
eng
082
_a
658.3 ARM
100
_a
ARMSTRONG MICHAEL
245
_a
STRATEGIC HUMAN RESOURCE MANAGEMENT A GU
999
_c
32977
_d
32977